Представление документа в формате RUSMARC

ПолеНазваниеЗначение
  Тип записи a
  Библиографический уровень m
001 Контрольный номер RU/REG73/CBS_GRAD2/669904127
005 Дата корректировки 20230323132039.7
010 Индекс ISBN __
a ISBN 978-5-482-01829-3
101 Язык документа 0_
a Язык текста rus
200 Заглавие и сведения об ответственности 1_
a Заглавие Концепции современного естествознания
e Сведения, относящиеся к заглавию Учебник
f Первые сведения об ответственности Александр Фёдорович Лихин
b Общее обозначение материала Текст
203 Вид содержания и тип средства __
a Вид содержания Текст (визуальный) : непосредственный
210 Выходные данные 1_
a Место издания Москва
c Издательство Издательство Проспект
d Дата издания 2008
215 Физическое описание __
a Объем 264 с.
686 Индексы других классификаций __
a Классификационный индекс 20
801 Источник записи _0
a Страна RU
b Организация RuCBSGrad
g Правила каталогизации PSBO
801 Источник записи _1
a Страна RU
b Организация RuCBSGrad
g Правила каталогизации PSBO
901 Тип документа __
t Тип документа m
981 __
b i
g e
2 isbdcontent
982 __
b n
2 isbdmedia
993 __
a 61007
b 34351
e 231819
f ЦГБ
h 0.00
i 231819
m 1
n 44278
o I
p 0.00
x 1
y 6
z 20